| 000 | 00712nam a22002417a 4500 | ||
|---|---|---|---|
| 003 | OSt | ||
| 008 | 260627b |||||||| |||| 00| 0 eng d | ||
| 020 | _a8170195965 | ||
| 082 |
_a635.048 _bN21S |
||
| 245 |
_aSabji Utpadan Taknik / _cby Raj Narayan...[et al.]; edited by Shivshankar |
||
| 260 |
_a.- New Delhi _b: Today & Tomorrow's _c, 2018 |
||
| 300 | _a272p. | ||
| 650 | _aTechnology (Applied Sciences) | ||
| 650 | _aAgriculture and Related Technologies | ||
| 650 | _aVegetables | ||
| 650 | _aCultivation Techniques | ||
| 700 | _aNarayan, Raj. | ||
| 700 | _aSingh, Narendra Pratap. | ||
| 700 | _aKanojiya, Satya Prakash. | ||
| 700 | _aNarayan, Sumit. | ||
| 700 | _aShivshankar | ||
| 942 |
_2ddc _cBK |
||
| 999 |
_c52374 _d52374 |
||